Il giocattolo rabbioso : romanzo : un adolescente degli anni venti tra rivolta e delazione /

Guardat en:
Dades bibliogràfiques
Autor principal: Arlt, Roberto (Autor)
Altres autors: Fofi, Goffredo, Blengino, Vanni, Zucconi, Angiolina
Format: Llibre
Idioma:italià
Publicat: Roma : Savelli, c1978
Col·lecció:Il pane e le rose ; 14
Etiquetes: Afegir etiqueta
Sense etiquetes, Sigues el primer a etiquetar aquest registre!

MARC

LEADER 00000nam a22000007i 4500
001 IT\ICCU\RAV\0118470
003 ItRI
005 20260115232305.0
008 901127s1978 it |||||| ||||| |||||c
015 |2 IT  |a 802955 
040 |b ita  |c importazione bologna sebina 
041 7 |a ita  |2 ISO-639-2 
082 |a 863.6  |9 NARRATIVA SPAGNOLA. 1900-  |2 18 
100 1 |a Arlt, Roberto  |0 IT\ICCU\RAVV\025477  |4 aut 
240 1 3 |a El juguete rabioso  |3 IT\ICCU\RAV\0118472  |9 Arlt, Roberto 
245 1 3 |a Il giocattolo rabbioso :  |b romanzo : un adolescente degli anni venti tra rivolta e delazione /  |c Roberto Arlt ; introduzione di Goffredo Fofi ; nota critico-bibliografica di Vanni Blengino ; traduzione di Angiolina Zucconi. 
260 |a Roma :  |b Savelli,  |c c1978 
300 |a 158 p. ;  |c 19 cm 
700 1 |a Fofi, Goffredo  |0 IT\ICCU\CFIV\046592 
700 1 |a Blengino, Vanni  |0 IT\ICCU\CFIV\066123 
700 1 |a Zucconi, Angiolina  |0 IT\ICCU\RAVV\103027 
830 3 |a Il pane e le rose ;  |v 14  |0 IT\ICCU\RAV\0007699 
942 |2 ddc  |c BK  |n 0 
952 |0 0  |1 0  |4 0  |6 DOC_863_620000000000000_ARL  |7 0  |9 23659  |a BO  |b BO  |d 2026-01-15  |i 4910  |l 0  |o DOC 863.62 ARL  |p BO4910  |r 2026-01-15 23:23:05  |w 2026-01-15  |x [Sebina 5] [1 v.]  |y BK  |z 1 v. 
999 |c 20144  |d 20144